Statystyki dla Piłka nożna quiz #63 - Kluby w Serie A sezon 2023/24

Kliknij tutaj aby rozwiązać quiz!

Ogólne statystyki

  • Ten quiz został rozwiązany 124 razy
  • Średni wynik to 13 z 20

Statystyki odpowiedzi

Klub% Poprawnych
Juventus Turyn
98%
Inter Mediolan
97%
AC Milan
96%
SSC Napoli
94%
AS Roma
90%
Lazio Rzym
84%
Atalanta Bergamo
74%
ACF Fiorentina
73%
Bologna FC
70%
Torino
66%
Hellas Verona
65%
US Salernitana Calcio
65%
Udinese Calcio
59%
US Sassuolo Calcio
57%
Cagliari
50%
Genoa
48%
Empoli
47%
Lecce
45%
Frosinone Calcio
29%
AC Monza Brianza 1912
5%

Rozkład punktacji

Percentyl według liczby udzielonych odpowiedzi

Procent ludzi z każdym wynikiem

Twoja historia wyników

Nie rozwiązałeś tego quizu